| 000 | 00956nam a2200277Ia 4500 | ||
|---|---|---|---|
| 003 | OSt | ||
| 005 | 20220918165822.0 | ||
| 006 | a|||||r|||| 00| 0 | ||
| 007 | ta | ||
| 008 | 220917b |||||||| |||| 00| 0 eng d | ||
| 020 |
_a8173047103 (hbk) _c795 |
||
| 024 | _a238,970 | ||
| 037 |
_bG-4276/08-09, 04/02/2009, Manohar Publisher &Distributors _cTextual |
||
| 040 |
_aARTS _cARTS _beng |
||
| 041 |
_2eng _aeng |
||
| 082 | _aY48:1.2, P7 | ||
| 100 |
_aBruckner Heidrun Ed. _925603 |
||
| 245 | 0 | _aConcept of Hero in Indian culture | |
| 260 |
_aDelhi _bManohar Publishers and Distributors India _c2007 |
||
| 300 |
_axv,291p. _ccm. |
||
| 650 | _aSOCIOLOGY | ||
| 700 |
_a Skyhawk Hugh van Ed. _925604 |
||
| 700 |
_a Zoller Claus Peter Ed. _925605 |
||
| 942 |
_hY48:1.2, P7 _cTEXL _2CC |
||
| 999 |
_c131191 _d131191 |
||